MDQL
is popping MORE tags! Check the
thread
!
Quizzes
Events
Quiz Creation
Community
Videos
Private Events
Remove Ads
Sign In
Join for FREE
Feedback
Dark Mode
Quiz Categories
Sports
Geography
Music
Movies
Television
Just For Fun
Miscellaneous
History
Literature
Language
Science
Gaming
Entertainment
Religion
Holiday
For Kids
Quiz Lab
Recent
Popular Today
Quiz Kudos Today
Editor Picks
Curator Picks
Quizzes by...
Day
Popularity
Type
Ratings
Length
Year
Community
Subscriptions
Recent Discussions
Orange Saloon
Badges
Playlists
Quests
Create
Leaderboards
Showdown
Live 5
Trivia Bingo
Activity
Puzzle Library
Sporcle Events
Private Events
Virtual Trivia
Globe League
Become a Host
Pub Owners
SporcleCon
Opinionation
Our Games
Videos
Blog
Mobile Apps
Partnerships
Remove Ads and Go Orange
Feedback
Music
Pop Music
The Beatles
Song
Album
Lyrics
Bands
Singers
Artist
Clip
Rock
Rap
Classical
Billboard
Country Music
Kpop
Taylor Swift
Music
Pop Music
The Beatles
Song
Album
Lyrics
Bands
Singers
Artist
Clip
Rock
Rap
Classical
Billboard
Country Music
Kpop
Taylor Swift
Random Quiz
Search Sporcle
×
Quiz Lab
Quiz Lab
Music
Famous
Type in answers that appear in a list
Type in answers that appear in a list
Classic
Best Score? Go Orange.
Beatles, Elvis, MJ, Madonna ... ( Clip ) Stats
Can you name the Songs of these Famous Artists?
By
Xala83
15m
60 Questions
1,295 Plays
1,295 Plays
1,295 Plays
Comments
Comments
Give Quiz Kudos
Give Quiz Kudos
-
- Ratings
hide this ad
Forced Order
Answers have to be entered in order
Answers have to be entered in order
Replay
Link that replays current quiz
Next Quiz
Link to next quiz in quiz playlist
You Got
0%
They Got
Avg Score
56%
Avg Friend Score
Upgrade to see
Score Distribution
Jump to the score distribution portion of the page
Score
0/60
Timer
15:00
0
Plays Today
% Correct
Thriller
91.4%
Billie Jean
90.4%
Let It Be
89.5%
Beat It
88.4%
Yesterday
87.2%
Hey Jude
86.6%
Bad
83.6%
Yellow Submarine
83.6%
Jailhouse Rock
83.5%
Help!
82.9%
Hound Dog
80.8%
Come Together
79.5%
Smooth Criminal
79.4%
Black Or White
79%
Like A Virgin
78.8%
Eleanor Rigby
76.2%
All You Need Is Love
75.7%
Love Me Tender
75.2%
The Way You Make Me Feel
73.5%
Vogue
73%
Material Girl
72.9%
Like A Prayer
72.6%
Eight Days A Week
70.8%
Toxic
68.2%
...Baby One More Time
67.6%
American Pie
65.4%
All Shook Up
64.6%
Lose Yourself
61.7%
Viva Las Vegas
61%
The Real Slim Shady
58.8%
% Correct
Oops!... I Did It Again
58.7%
Something
58%
Suspicious Minds
56.9%
A Little Less Conversation
52.4%
Burning Love
52.2%
Can't Help Falling In Love
50.4%
La Isla Bonita
48.8%
Hung Up
48.8%
( You Drive Me ) Crazy
48.3%
Lucky
45%
Frozen
40.1%
My Prerogative
39.7%
Circus
39.5%
Die Another Day
37.6%
Heal The World
33.9%
Stronger
33.7%
They Don't Care About Us
33.3%
Mockingbird
31.4%
Piece of Me
30.1%
Cleanin' Out My Closet
30%
Not Afraid
28.5%
( You're The ) Devil In Disguise
28.4%
Sorry
25.3%
Will You Be There
25.3%
Overprotected
23.8%
Like Toy Soldiers
22.5%
We Made You
20.1%
Sing For The Moment
19.3%
Just Lose It
19.1%
When I'm Gone
11.5%
Quiz Playlist
Details
Report
Send in Message
Add To Playlist
Classic:
Type in answers that appear in a list
Forced Order:
Answers have to be entered in order
Last Updated: Mar 6, 2017
Quiz Scoreboard
CHALLENGE
Sign Up to Join the Scoreboard
Show All
Scores
Hide
Comments
May contain spoilers
Recently Published
Holiday 10x10 Sorting Gallery
by lukepisani3
Holiday
15m
Two Season TV Shows II
by 123Four
Television
10m
Image Sorting: Flags VI
by Barbecue
Geography
2m
More to Explore
Quiz From the Vault
Featured Blog Post
14 Easter Pick-up Lines to Find Eggs With
hide this ad
You Might Also Like...
Tags
Artist Quiz
Famous Quiz
Song Quiz
Levi
madonna
Today's Top Quizzes in Music
Browse Music
hide this ad
Today's Top Quizzes in Famous
Browse Famous
Top Contributed Quizzes in Music
1
5X2 Blitz: Bands II
2
Taylor Swift All Songs (2024)
3
5X2 Blitz: The Beatles
4
5X2 Blitz: Billboard
5
Music Artist by Three 2010s hits
6
5X2 Blitz: Billboard II
7
Singers Born in the 1930s
8
5X2 Blitz: Album
9
5X2 Blitz: Rock
10
5X2 Blitz: Singers
Explore More
Trending Topics
Disney
Harry Potter
Crossword
Kpop
NBA
Anime
Marvel
Soccer
The Office
Puzzle
NFL
Song
Pokémon
Country
WWE
hide this ad
More By:
Xala83
Quiz
Plays
Rating
Category
Featured
Created
Characters from Shrek
92,026
4.36
Movies
Dec 5, 2010
U.S. States with No Map
3,340
3.62
Geography
Sep 3, 2010
The Royal Movies
2,269
3.81
Movies
Sep 1, 2010
Famous Movie Trilogies
1,613
4.28
Movies
Sep 3, 2010
Beatles, Elvis, MJ, Madonna ... ( Clip )
1,295
4.25
Music
Sep 4, 2010
Go to Creator's Profile
Score Distribution
Quiz Creator Spotlight
Xala83
Follow
Send a Message
Quizzes Created
-
Created Quiz Play Count
-
More By This Creator
Popular Quizzes Today
1
Find the US States - No Outlines Minefield
2
Colored Red Africa Blitz
3
Find the 'City' Movie
4
The Countries of the World
5
Find the US States
6
5x2 Blitz: Bands
7
Find the Countries of Europe - No Outlines Minefield
8
US States
More Music Quizzes
All-time Best selling Album BY COVER
Editor's Pick
Trending Quizzes
Colored Red Europe Blitz I
Colored Red Europe Blitz II
Colored Red Africa Blitz II
Colored Red Europe Blitz III
Colored Red Africa Blitz III
Recently Updated
Odd Team Out - Big 4 Players
pecheneg
Quick Pick: 20 Twenties
pecheneg
March Madness Men's Triple Doubles
pecheneg
How Do You Spell That?
pecheneg
Godzilla Movies
pecheneg
Grab Bag: 4-10 Letters
pecheneg
2024 March Madness Bracket
pecheneg
Famous TV Couples
Peacemaker
Champions League XIs: Real Madrid
pecheneg
Largest US Cities 1790-2010
pecheneg
Trending Topics
NBA
Kpop
Harry Potter
Anime
Disney
Marvel
Crossword
Pokémon
The Office
Puzzle
Soccer
WWE
NFL
Song
Country
Your Account Isn't Verified!
In order to create a playlist on Sporcle, you need to verify the email address you used during registration. Go to your
Sporcle Settings
to finish the process.
Report this User
Report this user for behavior that violates our
Community Guidelines
.
Details:
Send Report
Go to the Sporcle.com Mobile Site →
Comments